| 000 | 00656cam a22002291 4500 | ||
|---|---|---|---|
| 001 | he 67001179 | ||
| 003 | DLC | ||
| 005 | 20260227111447.0 | ||
| 008 | 840125s1870 pl 000 0 heb | ||
| 010 | _ahe 67001179 | ||
| 035 | _a(OCoLC)19141637 | ||
| 040 |
_aDLC _cMH _dDLC |
||
| 042 | _apremarc | ||
| 050 | 0 | 0 |
_aBM522.43 _b.B54 1870 |
| 100 | 2 |
_aIbn Migas, Joseph, _cha-Levi, _d1077-1141. |
|
| 245 | 1 | 0 | _aTeshuvot. |
| 260 |
_a[Warsaw] : _bBi-defus N. Shriftgisser, _c1870. |
||
| 300 |
_a32 leaves : _bill. ; _c33 cm. |
||
| 500 | _aPublished originally under title: Sheʼelot u-teshuvot. | ||
| 650 | 0 |
_aResponsa _y1040-1600. |
|
| 752 |
_aPoland _dWarsaw |
||
| 999 |
_c32436 _d32436 |
||